All 377 departments of Argentina (with map) - Statistics

General Stats
  • This quiz has been taken 319 times
  • The average score is 88 of 512
Answers on the Map
Answers color-coded by a green-red scale on the quiz's map according to % correct below.
 
Answer Stats
Answer % Correct
Río Grande
65%
Ushuaia
60%
San Martín
55%
San Martin
55%
Avellaneda
50%
Formosa
50%
Lanús
50%
La Plata
50%
Rosario
50%
Santa Rosa
50%
25 de Mayo
45%
9 de Julio
45%
9 de julio
45%
Azul
45%
Bahía Blanca
45%
Paraná
45%
Rawson
45%
San Miguel
45%
Tandil
45%
Tolhuin
45%
Belgrano
40%
Capital
40%
Iguazú
40%
Maipú
40%
Necochea
40%
San Fernando
40%
Villa Gesell
40%
Zárate
40%
Bariloche
35%
Berazategui
35%
Junín
35%
La Matanza
35%
Lincoln
35%
Morón
35%
Pila
35%
Pilar
35%
Quilmes
35%
Rivadavia
35%
San Nicolás
35%
San Pedro
35%
San Rafael
35%
Sarmiento
35%
Tigre
35%
Berisso
30%
Biedma
30%
Campana
30%
Colón
30%
Ezeiza
30%
General Rodríguez
30%
General San Martín
30%
Gualeguay
30%
Güer Aike
30%
La Costa
30%
Libertad
30%
Luján
30%
Magallanes
30%
Moreno
30%
Olavarría
30%
San Antonio
30%
San Isidro
30%
Bolívar
25%
Brandsen
25%
Chascomús
25%
Chos Malal
25%
Concordia
25%
Corpen Aike
25%
Deseado
25%
Ensenada
25%
General Roca
25%
General Villegas
25%
Gualeguaychú
25%
Guaymallén
25%
Ituzaingó
25%
Lago Argentino
25%
Lago Buenos Aires
25%
Lobos
25%
Lomas de Zamora
25%
Los Andes
25%
Los Lagos
25%
Malargüe
25%
Merlo
25%
Monte
25%
Patagones
25%
Pergamino
25%
Pinamar
25%
Río Cuarto
25%
San Carlos
25%
San Salvador
25%
Vicente López
25%
Balcarce
20%
Baradero
20%
Benito Juárez
20%
Carlos Casares
20%
Chivilcoy
20%
Collón Curá
20%
Coronel Dorrego
20%
Coronel Pringles
20%
Escobar
20%
Florencio Varela
20%
Gaiman
20%
General Belgrano
20%
General Lamadrid
20%
General La Madrid
20%
General Lavalle
20%
General Paz
20%
General Pueyrredón
20%
Guaminí
20%
Independencia
20%
Lavalle
20%
Lobería
20%
Malvinas Argentinas
20%
Mercedes
20%
Minas
20%
Oberá
20%
Pehuajó
20%
Pilcomayo
20%
Ramallo
20%
Río Chico
20%
Rio Chico
20%
Río Senguer
20%
San Cristobal
20%
San Justo
20%
Santa María
20%
Santa Maria
20%
San Vicente
20%
Tornquist
20%
Tres Arroyos
20%
Tres de Febrero
20%
Villarino
20%
Adolfo Alsina
15%
Adolfo Gonzáles Chaves
15%
Almirante Brown
15%
Anelo
15%
Arrecifes
15%
Bragado
15%
Cañuelas
15%
Capitán Sarmiento
15%
Carmen de Areco
15%
Caseros
15%
Castelli
15%
Chilecito
15%
Chimbas
15%
Concepción
15%
Confluencia
15%
Coronel Rosales
15%
Coronel Suárez
15%
Daireaux
15%
Dolores
15%
El Cuy
15%
Eldorado
15%
Exaltación de la Cruz
15%
Famaillá
15%
General Alvarado
15%
General Alvear
15%
General Madariaga
15%
Godoy Cruz
15%
Guaraní
15%
Hurlingham
15%
José C Paz
15%
Lacar
15%
La Paz
15%
Laprida
15%
Las Flores
15%
Las Heras
15%
Lezama
15%
Loncopué
15%
Mar Chiquita
15%
Mitre
15%
Monte Hermoso
15%
Ñorquín
15%
Ñorquinco
15%
Pehuenches
15%
Pichi Mahuída
15%
Picún Leufú
15%
Presidente Perón
15%
Punta Indio
15%
Rauch
15%
Río Segundo
15%
Rojas
15%
Saavedra
15%
Saladillo
15%
Salto
15%
San Antonio de Areco
15%
San Lorenzo
15%
Tehuelches
15%
Telsen
15%
Toay
15%
Tordillo
15%
Trenque Lauquen
15%
Tunuyán
15%
Unión
15%
Uruguay
15%
Vera
15%
Villaguay
15%
Zapala
15%
2 de Abril
10%
Alberti
10%
Aluminé
10%
Antofagasta de la Sierra
10%
Apostoles
10%
Ayacucho
10%
Belén
10%
Bermejo
10%
Cafayate
10%
Calamuchita
10%
Calingasta
10%
Carlos Tejedor
10%
Catan Lil
10%
Catriló
10%
Chacabuco
10%
Conesa
10%
Curuzú Cuatiá
10%
Cushamen
10%
Diamante
10%
Escalante
10%
Esteban Echeverría
10%
Florentino Ameghino
10%
Futaleufú
10%
Garay
10%
Gastre
10%
General Arenales
10%
General Guido
10%
General López
10%
General Pinto
10%
General Viamonte
10%
Goya
10%
Hipólito Yrigoyen
10%
Huiliches
10%
Iglesia
10%
Islas del Ibicuy
10%
Leandro N Alem
10%
Libertador General San Martín
10%
Lihuel Calel
10%
Loventué
10%
Magdalena
10%
Marcos Juárez
10%
Marcos Paz
10%
Martires
10%
Monteros
10%
Navarro
10%
Orán
10%
Paso de Indios
10%
Patiño
10%
Pellegrini
10%
Picunches
10%
Pilnaniyeu
10%
Puán
10%
Puelén
10%
Quemú Quemú
10%
Rancul
10%
Realicó
10%
Río Primero
10%
Roque Pérez
10%
Salliqueló
10%
San Andrés de Giles
10%
San Cayetano
10%
Santa Bárbara
10%
Santa Catalina
10%
Suipacha
10%
Tafí del Valle
10%
Tafí Viejo
10%
Tapalqué
10%
Tercero Arriba
10%
Tilcara
10%
Tupungato
10%
Valcheta
10%
Victoria
10%
Yerba Buena
10%
12 de Octubre
5%
1ro de Mayo
5%
Aguirre
5%
Albardón
5%
Alberdi
5%
Ambato
5%
Ancasti
5%
Andalgalá
5%
Angaco
5%
Anta
5%
Arauco
5%
Atamisqui
5%
Atreuco
5%
Banda
5%
Bella Vista
5%
Berón de Astrada
5%
Burruyacú
5%
Cachi
5%
Cainguás
5%
Caleu Caleu
5%
Candelaria
5%
Capayán
5%
Castellanos
5%
Castro Barros
5%
Caucete
5%
Cerrillos
5%
Chalileo
5%
Chamical
5%
Chapaleufú
5%
Chical Có
5%
Chicligasta
5%
Chicoana
5%
Choya
5%
Cochinoca
5%
Comandante Fernández
5%
Conhelo
5%
Constitución
5%
Copo
5%
Cruz Alta
5%
Cruz del Eje
5%
Curacó
5%
Dr Manuel Belgrano
5%
El Alto
5%
El Carmen
5%
Empedrado
5%
Esquina
5%
Famatina
5%
Federación
5%
Federal
5%
Feliciano
5%
Figueroa
5%
Fray Justo Santa María de Oro
5%
Fray Mamerto Esquiú
5%
General Angel V Peñaloza
5%
General Donovan
5%
General Güemes
5%
General José de San Martín
5%
General Juan F Quiroga
5%
General Las Heras
5%
General Manuel Belgrano
5%
General Obligado
5%
General Ocampo
5%
General Pedernera
5%
General Taboada
5%
Gobernador Dupuy
5%
Graneros
5%
Guachipas
5%
Guasayán
5%
Guatraché
5%
Hucal
5%
Humahuaca
5%
Iriondo
5%
Iruya
5%
Ischilín
5%
Itatí
5%
Jáchal
5%
Jiménez
5%
Juan B Alberdi
5%
Juan F Ibarra
5%
Juárez Celman
5%
La Caldera
5%
La Candelaria
5%
La Cocha
5%
Laishi
5%
Languiñeo
5%
La Poma
5%
Las Colonias
5%
La Viña
5%
Leales
5%
Ledesma
5%
Limay Mahuida
5%
Loreto
5%
Luján de Cuyo
5%
Lules
5%
Maracó
5%
Matacos
5%
Mayor Luis J Fontana
5%
Mburucuyá
5%
Metán
5%
Molinos
5%
Montecarlo
5%
Monte Caseros
5%
Nogoya
5%
O Higgins
5%
Ojo de Agua
5%
Paclin
5%
Palpalá
5%
Paso de Libres
5%
Pilagás
5%
Pirane
5%
Pocho
5%
Pocito
5%
Poman
5%
Presidencia de la Plaza
5%
Presidente Roque Sáenz Peña
5%
Punilla
5%
Quebrachos
5%
Quitilipi
5%
Ramón Lista
5%
Rinconada
5%
Río Hondo
5%
Río Seco
5%
Robles
5%
Rosario de la Frontera
5%
Rosario de Lerma
5%
Rosario Vera Peñaloza
5%
Saladas
5%
Salavina
5%
Sanagasta
5%
San Alberto
5%
San Blas de los Sauces
5%
San Cosme
5%
San Ignacio
5%
San Javier
5%
San Jerónimo
5%
San Luis del Palmar
5%
San Roque
5%
Santa Lucía
5%
Santa Victoria
5%
Santo Tomé
5%
Sargento Cabral
5%
Sauce
5%
Silípica
5%
Simoca
5%
Sobremonte
5%
Susques
5%
Tala
5%
Tapenagá
5%
Tinogasta
5%
Totoral
5%
Trancas
5%
Trenel
5%
Tres Lomas
5%
Tulumba
5%
Tumbaya
5%
Ullum
5%
Utracán
5%
Valle Fértil
5%
Valle Grande
5%
Valle Viejo
5%
Vinchina
5%
Yaví
5%
Zonda
5%
Coronel Felipe Varela
0%
No matching quizzes found
Score Distribution
Percent of People with Each Score
Percentile by Number Answered
Your Score History
You have not taken this quiz